000 00715cam a22002533a 4500
001 31718
003 PGUSA
005 20140828083703.0
008 100321s2010||||xxu|||||s|||||000 1 eng d
040 _aPGUSA
_beng
042 _adc
050 4 _aPS
100 1 _aFillmore, Parker,
_d1878-1944
245 1 4 _aThe Rosie World
_h[electronic resource] /
_cParker Fillmore
260 _bProject Gutenberg,
_c2010
506 _aPublic domain in the USA.
516 _aElectronic text
653 _aIrish Americans -- Fiction
653 _aGirls -- Fiction
700 1 _aBarney, Maginel Wright,
_d1877-1966
830 0 _aProject Gutenberg
_v31718
856 4 0 _uhttp://www.gutenberg.org/ebooks/31718
942 _cEB
999 _c260973
_d260973